العجالة الرحبية : (رقم التسجيلة. 131132)
[ عرض عادي ]
| 000 -الفاتح | |
|---|---|
| عناصر البيانات ثابتة الطول | 00905cam a2200181 i 4500 |
| 005 - تاريخ ووقت آخر معاملة | |
| حقل ضبط | 20251211095602.0 |
| 008 - عناصر البيانات ثابتة الطول | |
| عناصر البيانات ثابتة الطول | 250721s2014 ua gr 000 0 ara d |
| 082 14 - رقم تصنيف ديوي العشري | |
| رقم التصنيف | 216.4 |
| رقم المادة | ر ح ب |
| 100 1# - مدخل رئيسي – اسم شخصي | |
| الاسم الشخصي | الرحبي، أبي عبدالله محمد بن علي بن حسين |
| تواريخ خاصة بالشخص | -577ه، |
| علاقة الشخص بالعمل/ دوره | مؤلف. |
| 245 12 - بيان العنوان | |
| العنوان | العجالة الرحبية : |
| بقية العنوان | شرح متن الرحبية (بغية الباحث في المواريث) / |
| بيان المسؤولية | الامام أبي عبدالله محمد بن علي بن حسين الرحبي ؛ شرح الدكتور هشام الكامل حامد موسى الشافعي الازهري. |
| 250 ## - بيان الطبعة | |
| بيان الطبعة | الطبعة الاولى. |
| 264 31 - بيانات النشر، التوزيع…إلخ | |
| اسم الناشر، الموزع...إلخ | دار المنار للطبع والنشر والتوزيع، |
| تاريخ النشر، التوزيع...إلخ | 2014. |
| مكان النشر، التوزيع...إلخ | [القاهرة]، |
| 300 ## - الوصف المادي | |
| عدد الوحدات المكونة للوعاء | 304 صفحة. |
| 650 17 - مدخل إضافي بالموضوع - مصطلح موضوعي | |
| مصطلح موضوعي أو اسم جغرافي كعنصر مدخل | الفقه الاسلامي. |
| 650 17 - مدخل إضافي بالموضوع - مصطلح موضوعي | |
| مصطلح موضوعي أو اسم جغرافي كعنصر مدخل | المواريث. |
| 942 ## - بيانات إضافية (كوها) | |
| نوع التنصيف | Dewey Decimal Classification |
| نوع المادة (كوها) | كتب |
| حالة السحب | حالة الفقدان | مصدر التصنيف | حالة التلف | غير قابل للإعارة | المكتبة الرئيسية | المكتبة الحالية | موقع الرف | تاريخ التزويد | الرقم المتسلسل | Total Checkouts | رقم الإستدعاء | الباركود | تاريخ آخر ظهور | تاريخ الفاتورة | نوع المادة (كوها) |
|---|---|---|---|---|---|---|---|---|---|---|---|---|---|---|---|
| Dewey Decimal Classification | المكتبة المركزية | المكتبة المركزية | الإعارة | 28/07/2025 | 1594162 | 216.4 / ر ح ب | PLD00317996 | 28/07/2025 | 28/07/2025 | كتب | |||||
| Dewey Decimal Classification | مكتبة أبو علندا العامة | مكتبة أبو علندا العامة | الإعارة | 15/03/2015 | 1594166 | 216.4/رحب | PLD00318536 | 28/07/2025 | 15/03/2015 | كتب | |||||
| Dewey Decimal Classification | مكتبة أم قصير والمقابلين العامة | مكتبة أم قصير والمقابلين العامة | الإعارة | 15/03/2015 | 1594163 | 216.4/رحب | PLD00318533 | 28/07/2025 | 15/03/2015 | كتب | |||||
| Dewey Decimal Classification | مكتبة الحسن العامة | مكتبة الحسن العامة | الإعارة | 15/03/2015 | 1594164 | 216.4/رحب | PLD00318534 | 28/07/2025 | 15/03/2015 | كتب | |||||
| Dewey Decimal Classification | مكتبة وادي السير العامة | مكتبة وادي السير العامة | الإعارة | 15/03/2015 | 1594165 | 216.4/رحب | PLD00318535 | 28/07/2025 | 15/03/2015 | كتب |